[Event "Tbilisi Gaprindashvili Cup"]
[Site "Tbilisi"]
[Date "2014.09.13"]
[Round "5"]
[White "Petrosyan, Tigran S"]
[Black "Arzumanyan, Hovhannes"]
[Result "1-0"]
[WhiteElo "2422"]
[BlackElo "2137"]
[PlyCount "97"]
[EventDate "2014.09.09"]
[EventType "swiss"]
[EventRounds "9"]
[EventCountry "GEO"]
[SourceTitle "CBM 162 Extra"]
[Source "ChessBase"]
[SourceDate "2014.10.17"]
[SourceVersion "1"]
[SourceVersionDate "2014.10.17"]
[SourceQuality "1"]

1. d4 d5 2. c4 e6 3. Nf3 Nf6 4. g3 Be7 5. Bg2 0-0 6. 0-0 Nbd7 7. Nbd2 c5 8. cxd5 Nxd5 9. e4 Nc7 10. Nc4 Nb6 11. Nxb6 axb6 12. Be3 Bd7 13. Qd2 Bc6 14. Ne5 cxd4 15. Qxd4 Qxd4 16. Bxd4 Bc5 17. Bxc5 bxc5 18. Rfc1 Ra5 19. Nxc6 bxc6 20. Rc3 Rfa8 21. a3 e5 22. Bh3 Rb8 23. b3 Kf8 24. a4 Ke7 25. Rac1 Rb4 26. f3 Kd6 27. Kf2 Rd4 28. Ke3 Na6 29. f4 exf4+ 30. gxf4 Nb4 31. Bf1 f6 32. Rc4 Rxc4 33. Bxc4 Ra8 34. h4 Re8 35. Rd1+ Kc7 36. Rd2 Re7 37. h5 h6 38. Kf3 Kb6 39. Re2 Na6 40. e5 fxe5 41. fxe5 Nc7 42. Ke4 Rd7 43. Kf5 Nd5 44. Bxd5 cxd5 45. e6 Re7 46. Ke5 Kc6 47. Rf2 d4 48. Rf7 Rc7 49. e7 1-0